|
|
|
|
| LEADER |
01423nam a2200301 a 4500 |
| 001 |
11956101 |
| 008 |
090614s2001 txua b 001 0 eng d |
| 999 |
|
|
|c 1282
|d 1282
|
| 010 |
|
|
|a \\\00102671
|
| 020 |
|
|
|a 0030311586
|
| 020 |
|
|
|a 0030312817
|
| 020 |
|
|
|a 9780030312816
|
| 040 |
|
|
|a DLC
|c DLC
|d DLC
|
| 082 |
0 |
0 |
|a 338.5024658
|2 23
|
| 100 |
1 |
|
|a Salvatore, Dominick.
|9 32554
|
| 245 |
1 |
0 |
|a Managerial economics in a global economy /
|c Dominick Salvatore.
|
| 250 |
|
|
|a Fourth edition
|
| 260 |
|
|
|a Fort Worth :
|b Harcourt College Publishers,
|c c2001.
|
| 300 |
|
|
|a xlvi, 752 pages ;
|a v, 422 pages ;
|b ill. (some col.) ;
|c 24 cm.
|
| 490 |
|
4 |
|a The Harcourt series in economics
|
| 504 |
|
|
|a Includes bibliographical references and index.
|
| 541 |
1 |
|
|e 00011663
|
| 650 |
|
0 |
|a Managerial economics.
|9 32555
|
| 852 |
4 |
|
|a Ayesha Abed Library
|j General shelf
|
| 942 |
|
|
|2 ddc
|c BK
|
| 952 |
|
|
|0 0
|1 0
|2 ddc
|4 0
|6 338_502465800000000_SAL
|7 0
|9 1165
|a BRACUL
|b BRACUL
|c GEN
|d 2009-06-25
|g 0.00
|l 9
|m 20
|o 338.5024658 SAL
|p 3010011663
|r 2017-04-15
|s 2017-03-25
|t 1
|w 2009-06-25
|y BK
|x No price found in the accession register.
|
| 952 |
|
|
|0 0
|1 0
|2 ddc
|4 0
|6 338_502465800000000_SAL
|7 0
|9 14497
|a BRACUL
|b BRACUL
|c GEN
|d 2011-03-01
|l 6
|m 28
|o 338.5024658 SAL
|p 3010009588
|r 2017-04-15
|s 2017-03-13
|t 2
|w 2011-03-01
|y BK
|
| 952 |
|
|
|0 0
|1 0
|2 ddc
|4 0
|6 338_502465800000000_SAL
|7 0
|9 14607
|a BRACUL
|b BRACUL
|c GEN
|d 2011-03-12
|l 2
|m 17
|o 338.5024658 SAL
|p 3010012237
|r 2019-09-22
|s 2019-05-29
|t 3
|y BK
|